000 00423nmm a2200133 a 4500
001 ASINB00F3BKDRQ
005 20140919182318.0
008 140919s2000 xxu eng d
100 1 _aKhan, Abdul Waheed.
245 1 0 _aQuraan Majeed Paraa No.06 (Laa Yu hibbul Laah)
_cAbdul Waheed Khan
300 _a53 P.
_c
700 1 _aAbdul Waheed Khan
856 4 0 _3Amazon.com
_uhttp://www.amazon.com/exec/obidos/ASIN/chopaconline-20
999 _c10212
_d10212